La nueva Política Exterior Dominicana : (Registro nro. 24176)

Detalles MARC
000 -LEADER
fixed length control field 00780nam a22001937a 4500
003 - CONTROL NUMBER IDENTIFIER
control field DO-CoUTE
005 - DATE AND TIME OF LATEST TRANSACTION
control field 20260507133134.0
008 - FIXED-LENGTH DATA ELEMENTS--GENERAL INFORMATION
fixed length control field 260507b dr ||||| |||| 00| 0 spa d
040 ## - CATALOGING SOURCE
Original cataloging agency DO-CoUTE
Language of cataloging spa
Transcribing agency DO-CoUTE
082 ## - DEWEY DECIMAL CLASSIFICATION NUMBER
Classification number RD327.7293R426N
110 1# - MAIN ENTRY--CORPORATE NAME
Corporate name or jurisdiction name as entry element Secretaria de estado de relaciones Exteriores
Relator term Autor
245 10 - TITLE STATEMENT
Title La nueva Política Exterior Dominicana :
Remainder of title Temas de Relaciones Internacionales /
Statement of responsibility, etc. Secretaria de Estado de relaciones Exteriores
260 ## - PUBLICATION, DISTRIBUTION, ETC.
Place of publication, distribution, etc. República Dominicana ;
Name of publisher, distributor, etc. Departamento cultural de la cancilleria,
Date of publication, distribution, etc. 1997
300 ## - PHYSICAL DESCRIPTION
Extent 225 Paginas :
Dimensions 23cm,
504 ## - BIBLIOGRAPHY, ETC. NOTE
Bibliography, etc. note Incluye referencia bibliográfica e índice.<br/>
650 #4 - SUBJECT ADDED ENTRY--TOPICAL TERM
Topical term or geographic name entry element Relaciones Internacionales
710 1# - ADDED ENTRY--CORPORATE NAME
Corporate name or jurisdiction name as entry element Secretaria de estados de Relaciones Exteriores
Relator term Autor
942 ## - ADDED ENTRY ELEMENTS (KOHA)
Source of classification or shelving scheme Dewey Decimal Classification
Koha item type Libros
Existencias
Withdrawn status Lost status Source of classification or shelving scheme Damaged status Not for loan Collection code Home library Current library Shelving location Date acquired Inventory number Total Checkouts Full call number Barcode Date last seen Copy number Price effective from Koha item type
    Dewey Decimal Classification     Colección Dominicana Biblioteca UTECO Biblioteca UTECO En Estantería 05/07/2026 023665   RD327.7293R426N 023665 05/07/2026 Ej.1 05/07/2026 Libros
© 2021 Derechos Reservados UTECO - Teléfono: +1 809-585-2291 - Correo electrónico: biblioteca@uteco.edu.do​  
Código postal 43000 ​​
Dirección: Avenida Universitaria No. 100, 
Cotuí, Provincia Sánchez Ramírez, República Dominicana - RNC: 404-00059-6